Catalogue of the coins in the Prince of Wales Museum of Western India : The sultans of Gujarat /

محفوظ في:

مؤلف مشترك: Prince of Wales Museum of Western India.

مؤلفون آخرون: Singhal, C. R., Acharya, G. V.

التنسيق: كتاب

اللغة: English

منشور في: Bombay : Published for the Trustees of the Prince of Wales Museum of Western India at the British India Press, 1935.

الموضوعات:

الوسوم: إضافة وسم

لا توجد وسوم, كن أول من يضع وسما على هذه التسجيلة!

رقم الطلب: CJ3549 .G8 B6 1935

LEADER 00914nam a2200253I 4500
001 5505
003 OSt
005 20251112110526.0
008 130303s1935 ii bf b 000 0 eng d
010 |a 62055132 
040 |c ARCE Library 
043 |a a-ii--- 
050 4 |a CJ3549 .G8 B6 1935 
110 2 |a Prince of Wales Museum of Western India. 
245 1 0 |a Catalogue of the coins in the Prince of Wales Museum of Western India :  |b The sultans of Gujarat /  |c Compiled by C.R. Singhal ; edited by G. V. Acharya. 
264 1 |a Bombay :  |b Published for the Trustees of the Prince of Wales Museum of Western India at the British India Press,  |c 1935. 
300 |a xxxii, 154 pages :  |b plates, map ;  |c 25 cm. 
504 |a Bibliography : pages 151-152. 
650 0 |a Numismatics  |z India  |z Gujarat. 
700 1 |a Singhal, C. R.  |9 40138 
700 1 |a Acharya, G. V.  |9 24728 
901 |a reviewed 
942 |c BK  |2 lcc 
999 |c 9421  |d 9421